| 000 | 00794cab a2200253 4500 | ||
|---|---|---|---|
| 001 | WB3309-34 | ||
| 008 | 090401t1997 xxu||||| |||| 00| 0 eng d | ||
| 035 | _a(Sirsi) u59883 | ||
| 041 | _aeng | ||
| 245 | _aFarmers boost land prices | ||
| 260 | _c1997 | ||
| 350 | _a0 | ||
| 490 |
_aScotsman _v27 February 1997, 27 |
||
| 490 |
_aHerald _v27 February 1997, 26 |
||
| 490 |
_aBirmingham Post _v27 February 1997, 32(3)) |
||
| 520 | _aSavills latest land price survey shows that farmers are investing heavily in farmland buying more than three quarters of the land which became available on the open market in 1996. | ||
| 650 | _aFARMLAND PRICES | ||
| 650 | _aLAND PRICES | ||
| 650 | _aOPEN MARKET | ||
| 650 | _aSAVILLS SURVEY | ||
| 690 | _aLAND | ||
| 942 | _n0 | ||
| 948 | _c04/03/1997 | ||
| 999 |
_c36834 _d36834 |
||